000 02284cam a22002174a 4500
005 20250605164112.0
008 250528s ||||||||||||||||||||||||d
035 _a17954
020 _a29464552
040 _aGR-AtMCL
_bgre
_dGR-AtMCL
_eAACR2
245 1 _aDecision Support and Expert Systems / Management Support Systems: Second Edition
250 _a2nd
260 _bMacmillan Publishing Company,
_c1990
300 _a846
505 0 _aManagement Support Systems - An Overview, Decision Making and Systems and Modelling and Support, Modelling, Decision Support Systems and Group DSS: An Overview, Constructing a Decision Support System, The DSS Development Tools, The Interactive Financial Planning System (IFPS), Illustrative DSS Applications, Executive Information and Support Systems, Applied Artificial Intelligence, Fundamentals of Expert Systems, Knowledge Acquisition, Knowledge Representation and Inferencing, Building Expert Systems: Process and Tools and Strategy, Major Case Studies, Coopers and Lybrand's Expert System (ExperTAX), Expert Systems Applications Cases, User Interface, Management Support Systems Integration, Implementing Management Support Systems, Organizational and Societal Impacts of Management Support Systems, The Future of Management Support Systems, Glossary, Index.
520 _aManagement Support Systems - An Overview, Decision Making and Systems and Modelling and Support, Modelling, Decision Support Systems and Group DSS: An Overview, Constructing a Decision Support System, The DSS Development Tools, The Interactive Financial Planning System (IFPS), Illustrative DSS Applications, Executive Information and Support Systems, Applied Artificial Intelligence, Fundamentals of Expert Systems, Knowledge Acquisition, Knowledge Representation and Inferencing, Building Expert Systems: Process and Tools and Strategy, Major Case Studies, Coopers and Lybrand's Expert System (ExperTAX), Expert Systems Applications Cases, User Interface, Management Support Systems Integration, Implementing Management Support Systems, Organizational and Societal Impacts of Management Support Systems, The Future of Management Support Systems, Glossary, Index.
700 1 _aTurban Efraim
_91346
942 _cBK
999 _c3348
_d3348